LEADER 01330nam0-2200385---450- 001 990007082220403321 005 20150410104608.0 010 $a88-7104-460-6 035 $a000708222 035 $aFED01000708222 035 $a(Aleph)000708222FED01 035 $a000708222 100 $a20020517d1992----km-y0itay50------ba 101 0 $aita 102 $aIT 105 $ay---n---101yy 200 1 $aIllecito e pena privata in etą repubblicana$eatti del convegno internazionale di diritto romano$eCopanello 4-7 giugno 1990$fa cura di Francesco Milazzo 210 $aNapoli$cEdizioni Scientifiche Italiane$d1992 215 $a377 p.$d24 cm 225 1 $aPubblicazioni della facoltą di giurisprudenza di Catanzaro$fUniversitą degli studi di Reggio Calabria$v20 676 $a340.54$v20$zita 702 1$aMilazzo,$bFrancesco 710 12$aConvegno di diritto romano$f<1990 ;$eCopanello>$0291437 801 0$aIT$bUNINA$gRICA$2UNIMARC 901 $aBK 912 $a990007082220403321 952 $aDP VIII-160$b11257$fDEC 952 $aDDR-Congr. 2.5 (1990) ACOP$b3606 ddr$fDDR$m21-2351 952 $aAmir. 523$bddr amir$fDDR 952 $aCONGR. COPANELLO 1990$b1511$fNAP02 959 $aDEC 959 $aDDR 959 $aNAP02 996 $aIllecito e pena privata in etą repubblicana$9706384 997 $aUNINA LEADER 03391nam 2200409 450 001 9910798927103321 005 20210224142557.0 010 $a1-119-05464-8 010 $a1-119-05461-3 035 $a(CKB)4100000011470056 035 $a(MiAaPQ)EBC6357204 035 $a(EXLCZ)994100000011470056 100 $a20210224d2020 uy 0 101 0 $aeng 135 $aurcnu|||||||| 181 $ctxt$2rdacontent 182 $cc$2rdamedia 183 $acr$2rdacarrier 200 10$aApplied anatomy for clinical procedures at a glance /$fJane Sturgess [and three others] 210 1$aHoboken, New Jersey :$cWiley-Blackwell,$d[2020] 210 4$d©2020 215 $a1 online resource (123 pages) 311 $a1-119-05458-3 327 $aScrubbing up -- Setting up a sterile field and draping the patient -- Three-way tap -- Common equipment for core clinical procedures -- Local anaesthetic infiltration -- Obtaining consent -- Manometer for central venous pressure and lumbar puncture -- Bladder irrigation sets -- Underwater seal for chest drains -- Male catheterisation -- Female catheterisation -- Arterial blood gases -- Performing an electrocardiogram -- Oropharyngeal airway -- Nasopharyngeal airway -- Laryngeal mask airway -- Central venous cannulation (high approach internal jugular) -- Central venous cannulation (low approach internal jugular) -- Central venous cannulation (subclavian) -- Direct current cardioversion -- Intercostal drains -- Pleural tap -- Inserting a nasogastric tube -- Lumbar puncture -- Bone marrow aspirate -- Ascitic tap -- Paracentesis -- Knee aspiration -- Skin biopsy -- Basic suturing -- Basic anastomotic techniques -- Abscess drainage and debridement -- Bag mask ventilation (adults) -- Endotracheal intubation (adults) -- Needle cricothryoidotomy (adults) -- Surgical cricothyroidotomy -- Defibrillation -- Spinal injection -- Epidural injection -- Procedure-related safety. 330 $a"This book is a concise practical book on applied anatomy for invasive procedures for foundation and core trainees. Material is presented as procedures according to training pathways, rather than by anatomical area, so the information is ideally laid out for trainees needing to equip themselves with the skills and knowledge for each clinical procedure or technique. In the classic style of the "At a Glance" series, each procedure is covered across a double-page spread, with photographs of surface anatomy and relevant line drawings which highlight salient points for performing the procedure safely. The second page complements the illustrative material and includes a written description of the procedural technique, with top tips and common anatomical pitfalls. In addition, the text includes potential exam questions related to the anatomy or clinical practice aspect of each procedure. The book is for foundation doctors and core trainees, but may also be of interest to anyone who needs to master invasive procedures in a clinical setting"--$cProvided by publisher. 606 $aSurgery$vHandbooks, manuals, etc 608 $aHandbook 615 0$aSurgery 676 $a617 700 $aSturgess$b Jane$01556532 801 0$bMiAaPQ 801 1$bMiAaPQ 801 2$bMiAaPQ 906 $aBOOK 912 $a9910798927103321 996 $aApplied anatomy for clinical procedures at a glance$93819274 997 $aUNINA LEADER 02230nam 2200589 450 001 9910828935603321 005 20180731043605.0 010 $a0-8218-7634-1 010 $a0-8218-5049-0 035 $a(CKB)3240000000069574 035 $a(EBL)3112985 035 $a(SSID)ssj0000712480 035 $a(PQKBManifestationID)11482493 035 $a(PQKBTitleCode)TC0000712480 035 $a(PQKBWorkID)10644487 035 $a(PQKB)11714732 035 $a(MiAaPQ)EBC3112985 035 $a(WaSeSS)Ind00039535 035 $a(RPAM)3333765 035 $a(PPN)197103669 035 $a(EXLCZ)993240000000069574 100 $a19851121h19861986 uy| 0 101 0 $aeng 135 $aur|n|---||||| 181 $ctxt 182 $cc 183 $acr 200 10$aComplex differential geometry and nonlinear differential equations $eproceedings of the AMS-IMS-SIAM Joint Summer Research Conference, held August 12-18, 1984, with support from the National Science Foundation /$fYum-Tong Siu, editor 210 1$aProvidence, Rhode Island :$cAmerican Mathematical Society,$d[1986] 210 4$d©1986 215 $a1 online resource (199 p.) 225 1 $aContemporary mathematics,$x0271-4232 ;$vvolume 49 300 $aDescription based upon print version of record. 320 $aIncludes bibliographies. 410 0$aContemporary mathematics (American Mathematical Society) ;$vv. 49. 606 $aGlobal differential geometry$vCongresses 606 $aDifferential equations, Nonlinear$vCongresses 615 0$aGlobal differential geometry 615 0$aDifferential equations, Nonlinear 676 $a516.3/62 702 $aSiu$b Yum-Tong$f1943- 712 02$aAmerican Mathematical Society, 712 02$aInstitute of Mathematical Statistics, 712 02$aSociety for Industrial and Applied Mathematics, 712 12$aAMS-IMS-SIAM Joint Summer Research Conference in the Mathematical Sciences on Complex Differential Geometry and Nonlinear Differential Equations 801 0$bMiAaPQ 801 1$bMiAaPQ 801 2$bMiAaPQ 906 $aBOOK 912 $a9910828935603321 996 $aComplex differential geometry and nonlinear differential equations$9343913 997 $aUNINA